Normal view
MARC view
Entry Personal Name
001 - CONTROL NUMBER
- control field: 9512
003 - CONTROL NUMBER IDENTIFIER
- control field: PK-LaUMT
005 - DATE AND TIME OF LATEST TRANSACTION
- control field: 20260226093051.0
008 - FIXED-LENGTH DATA ELEMENTS
- fixed length control field: 260226|| aca||aabn | a|a d
040 ## - CATALOGING SOURCE
- Original cataloging agency: PK-LaUMT
- Transcribing agency: PK-LaUMT
100 ## - HEADING--PERSONAL NAME
- Personal name: Chen, John Tuhao
670 ## - SOURCE DATA FOUND
- Source citation: Work cat.: (PK-LaUMT)139908: Chen, John Tuhao, Statistical prediction and machine learning /, 2024
